A Horthy-korszak állami ifjúságnevelő szervezetének létrejöttének körülményei, céljai [absztrakt] /

Elmentve itt :
Bibliográfiai részletek
Szerző: Várdai Levente
Testületi szerző: II. Móra Interdiszciplináris Kárpát-medencei Szakkollégiumi Konferencia
Dokumentumtípus: Könyv része
Megjelent: 2018
Sorozat:Móra Kárpát-medencei Interdiszciplináris Szakkollégiumi Konferencia 2
Kulcsszavak:Horthy-kor - előadáskivonat, Leventeszervezetek története - Magyarország - 1921-1945 - előadáskivonat
Tárgyszavak:
Online Access:http://acta.bibl.u-szeged.hu/82953
LEADER 01005naa a2200205 i 4500
001 acta82953
005 20240111084815.0
008 240111s2018 hu o 1|| hun d
040 |a SZTE Egyetemi Kiadványok Repozitórium  |b hun 
041 |a hun 
100 1 |a Várdai Levente 
245 1 2 |a A Horthy-korszak állami ifjúságnevelő szervezetének létrejöttének körülményei, céljai   |h [elektronikus dokumentum] :  |b [absztrakt] /  |c  Várdai Levente 
260 |c 2018 
300 |a 44-45 
490 0 |a Móra Kárpát-medencei Interdiszciplináris Szakkollégiumi Konferencia  |v 2 
650 4 |a Bölcsészettudományok 
650 4 |a Történettudomány és régészet 
695 |a Horthy-kor - előadáskivonat, Leventeszervezetek története - Magyarország - 1921-1945 - előadáskivonat 
711 |a II. Móra Interdiszciplináris Kárpát-medencei Szakkollégiumi Konferencia  |c Szeged  |d 2018. november 30.-december 2. 
856 4 0 |u http://acta.bibl.u-szeged.hu/82953/1/morakonf_2018_044-045.pdf  |z Dokumentum-elérés